| 000 | 00540nmm a2200169Ia 4500 | ||
|---|---|---|---|
| 008 | 251105s9999||||xx |||||||||||||||||und|| | ||
| 020 | _a9788437068107 | ||
| 041 | _acat | ||
| 100 | _aMira Castera, Joan Francesc | ||
| 245 | 0 | _aIdentitat i territori: els cercles de la consciència | |
| 264 |
_a[Madrid, España] : _bPublicaciones de la Universidad de Valencia (PUV), _c2007 |
||
| 300 | _a64 páginas | ||
| 490 | _aFora de Col·lecció | ||
| 650 | _aSociology | ||
| 856 | _uhttps://public.digitaliapublishing.com/a/34975 | ||
| 942 | _cCF | ||
| 999 |
_c82390 _d82390 |
||